| 000 | 00576nam a2200145Ia 4500 | ||
|---|---|---|---|
| 008 | 170221s9999 xx 000 0 und d | ||
| 100 | _aChristine Harrington | ||
| 245 | _aDeferred tax assets and liabilities: tax benefits, obligations and corporate debt policy | ||
| 245 | _cChristine Harrington, The University of Tampa; Walter Smith, The University of Tampa; Donald Trippeer, SUNY Oneonta. | ||
| 260 | _bJournal of Management and Marketing Research | ||
| 260 | _c2012 | ||
| 300 | _a32 : 12 | ||
| 650 | _xBusiness | ||
| 856 | _uhttp://www.aabri.com/manuscripts/121240.pdf | ||
| 999 |
_c311329 _d311329 |
||